00712nam a2200241 a 4500001001300000003000900013005001700022008004100039020001000080082001600090100003200106245002000138260003600158300000900194500003500203505003400238650002400272700003200296902000800328942000700336952011200343999001500455nice12345678IN_TiNIC20260116011510.0050524s1956 dela grp 000 0 urd  ac3.500a297.23bNIZ aNizami, Shabbee Hasan Chish aAsaar-I-Qiyamat aDelhibAastana Book Depotc1956 a256p aincludes index and biblioraphy2 ascn book club study project.3 aEschatology-Islamic1 aNizami, Shabbee Hasan Chish bSRS cBK 001040708StackRoom-aHMIbHMId2007-07-13g3.50l0o297.23 NIZp03652r2007-07-13v3.50w2005-05-24yBK c2065d2065